MARC

LEADER 00000nam0a2200000 4500
001 373193
005 20231102012537.0
020 |a RU  |b 85-84297 
035 |a (RuTPU)RU\TPU\retro\30620 
035 |a RU\TPU\book\245772 
090 |a 373193 
100 |a 20221215d1985 k y0rusy5003 ca 
101 0 |a rus 
102 |a RU 
105 |a y z 000zy 
200 1 |a Топливные циклы и физические особенности высокотемпературных реакторов  |f В. А. Карпов 
210 |a Москва  |c Энергоатомиздат  |d 1985 
215 |a 128 с.  |c ил.  |d 21 см 
225 1 |a Физика ядерных реакторов 
606 1 |a Ядерные реакторы  |x Топливные циклы  |2 stltpush  |3 (RuTPU)RU\TPU\subj\21672  |9 46627 
610 1 |a ядерные реакторы 
610 1 |a ядерное горючее 
610 1 |a физика 
610 1 |a тепловыделяющие элементы 
610 1 |a высокотемпературные реакторы 
610 1 |a топливные циклы 
675 |a 621.039.516  |z rus 
700 1 |a Карпов  |b В. А.  |g Виктор Анатольевич  |4 070 
801 0 |a RU  |b RuMRKP  |c 19950704  |g psbo 
801 1 |a RU  |b 63413507  |c 20121110 
801 2 |a RU  |b 63413507  |c 20221215  |g RCR 
942 |c BK